[Event "Gibraltar Masters 12th"]
[Site "Caleta"]
[Date "2014.01.30"]
[Round "3"]
[White "Mueller, Leonhard"]
[Black "Fenollar Jorda, Manuel"]
[Result "1/2-1/2"]
[WhiteElo "2191"]
[BlackElo "2419"]
[PlyCount "59"]
[EventDate "2014.01.28"]
[EventType "swiss"]
[EventRounds "10"]
[EventCountry "GGB"]
[SourceTitle "CBM 159"]
[Source "ChessBase"]
[SourceDate "2014.03.17"]
[SourceVersion "1"]
[SourceVersionDate "2014.03.17"]
[SourceQuality "1"]

1. Nf3 d5 2. c4 c6 3. d4 Nf6 4. Nc3 a6 5. cxd5 cxd5 6. Bg5 Nc6 7. e3 e6 8. Bd3 Be7 9. 0-0 0-0 10. Rc1 Bd7 11. Ne5 Rc8 12. f4 Ne8 13. Qh5 f5 14. Rf3 Nxe5 15. dxe5 g6 16. Bxe7 Qxe7 17. Qh6 Nc7 18. g4 Nb5 19. Bxb5 Bxb5 20. gxf5 gxf5 21. Rg3+ Kh8 22. Kf2 Qf7 23. Rcg1 Rg8 24. Rxg8+ Rxg8 25. Rxg8+ Kxg8 26. Nxb5 axb5 27. Qg5+ Kf8 28. Qd8+ Qe8 29. Qf6+ Qf7 30. Qd8+ 1/2-1/2

[Event "Ibiza La Marina"]
[Site "Ibiza"]
[Date "2013.10.18"]
[Round "9"]
[White "Del Rey, Diego"]
[Black "Fenollar Jorda, Manuel"]
[Result "1/2-1/2"]
[WhiteElo "2377"]
[BlackElo "2434"]
[PlyCount "22"]
[EventDate "2013.10.12"]
[EventType "tourn"]
[EventRounds "9"]
[EventCountry "ESP"]
[EventCategory "8"]
[SourceTitle "EXT 2014"]
[Source "ChessBase"]
[SourceDate "2013.11.20"]
[SourceVersion "1"]
[SourceVersionDate "2013.11.20"]
[SourceQuality "1"]

1. e4 e6 2. d4 d5 3. exd5 exd5 4. Bd3 Bd6 5. Qf3 c6 6. Ne2 Qf6 7. Qxf6 Nxf6 8. Bf4 Bxf4 9. Nxf4 0-0 10. f3 b6 11. Nc3 Ba6 1/2-1/2

[Event "Ibiza La Marina"]
[Site "Ibiza"]
[Date "2013.10.15"]
[Round "5"]
[White "Fenollar Jorda, Manuel"]
[Black "Cruz, Jonathan"]
[Result "1/2-1/2"]
[WhiteElo "2434"]
[BlackElo "2473"]
[PlyCount "139"]
[EventDate "2013.10.12"]
[EventType "tourn"]
[EventRounds "9"]
[EventCountry "ESP"]
[EventCategory "8"]
[SourceTitle "EXT 2014"]
[Source "ChessBase"]
[SourceDate "2013.11.20"]
[SourceVersion "1"]
[SourceVersionDate "2013.11.20"]
[SourceQuality "1"]

1. d4 Nf6 2. c4 e6 3. Nc3 Bb4 4. e3 0-0 5. Bd3 d5 6. cxd5 exd5 7. Nge2 Re8 8. Bd2 Nbd7 9. Rc1 c5 10. Nb5 Bxd2+ 11. Qxd2 c4 12. Bb1 Nb8 13. 0-0 a6 14. Nbc3 b5 15. Ng3 h5 16. f3 Nc6 17. Rcd1 Be6 18. h3 Qb6 19. Qf2 Rad8 20. Nge2 b4 21. Na4 Qb5 22. Nc5 Bc8 23. Nf4 Qb8 24. Rfe1 Qd6 25. Qh4 g6 26. Qg5 Nh7 27. Qh6 Qf8 28. Qxf8+ Rxf8 29. Bc2 Nf6 30. Ba4 Ne7 31. g4 g5 32. Ne2 Ng6 33. gxh5 Nxh5 34. Kf2 Kg7 35. Rg1 Kh6 36. Ng3 Nxg3 37. Kxg3 Nh4 38. Bc2 Bf5 39. e4 Bg6 40. Rgf1 Rfe8 41. Nxa6 dxe4 42. fxe4 b3 43. axb3 cxb3 44. Bxb3 Rxe4 45. Nc5 Re2 46. Rf2 Nf5+ 47. Rxf5 Bxf5 48. Bxf7 Rf8 49. Bc4 Re3+ 50. Kf2 Rxh3 51. Kg2 Re3 52. Rd2 Bh3+ 53. Kh2 Kh5 54. Nd3 Bf1 55. Ne5 Rh3+ 56. Kg1 Bxc4 57. Nxc4 Rg3+ 58. Kh2 Rb3 59. d5 Rb4 60. b3 Rxb3 61. d6 Rb5 62. d7 Rd8 63. Kg3 Rb3+ 64. Kg2 Rb7 65. Ne5 g4 66. Rd5 Rb2+ 67. Kg3 Rb3+ 68. Kg2 Rb2+ 69. Kg3 Rb3+ 70. Kg2 1/2-1/2

[Event "Benasque op 33rd"]
[Site "Benasque"]
[Date "2013.07.13"]
[Round "10"]
[White "Georgiev, Kiril"]
[Black "Fenollar Jorda, Manuel"]
[Result "1-0"]
[WhiteElo "2636"]
[BlackElo "2397"]
[PlyCount "85"]
[EventDate "2013.07.04"]
[EventType "swiss"]
[EventRounds "10"]
[EventCountry "ESP"]
[SourceTitle "CBM 155 Extra"]
[Source "ChessBase"]
[SourceDate "2013.08.26"]
[SourceVersion "1"]
[SourceVersionDate "2013.08.26"]
[SourceQuality "1"]

1. Nf3 d5 2. c4 e6 3. g3 Nf6 4. Bg2 Bd6 5. d4 c6 6. 0-0 0-0 7. Nc3 Nbd7 8. Qd3 Re8 9. Bg5 h6 10. Bxf6 Nxf6 11. e4 dxe4 12. Nxe4 Nxe4 13. Qxe4 c5 14. Rad1 Qc7 15. a3 Rb8 16. dxc5 Bxc5 17. b4 Be7 18. Qe5 Qxe5 19. Nxe5 b6 20. Bc6 Rd8 21. Rxd8+ Bxd8 22. Rd1 Bf6 23. f4 Kf8 24. Kf2 a5 25. b5 Be7 26. a4 Bc5+ 27. Kf3 Be7 28. Be4 Ke8 29. Nc6 Rb7 30. Nxe7 Rxe7 31. Bc6+ Bd7 32. Rd6 Bxc6+ 33. Rxc6 e5 34. fxe5 Rxe5 35. Rxb6 Rc5 36. Ra6 Rxc4 37. Rxa5 Rb4 38. Ra7 f5 39. Rxg7 Rxa4 40. b6 Rb4 41. b7 Kd8 42. h4 h5 43. Rh7 1-0

[Event "Benasque op 33rd"]
[Site "Benasque"]
[Date "2013.07.10"]
[Round "7"]
[White "Fenollar Jorda, Manuel"]
[Black "Zoler, Dan"]
[Result "1-0"]
[WhiteElo "2397"]
[BlackElo "2538"]
[PlyCount "131"]
[EventDate "2013.07.04"]
[EventType "swiss"]
[EventRounds "10"]
[EventCountry "ESP"]
[SourceTitle "CBM 155 Extra"]
[Source "ChessBase"]
[SourceDate "2013.08.26"]
[SourceVersion "1"]
[SourceVersionDate "2013.08.26"]
[SourceQuality "1"]

1. d4 Nf6 2. c4 e6 3. Nc3 Bb4 4. e3 0-0 5. Bd3 c5 6. Nge2 d5 7. cxd5 cxd4 8. exd4 Nxd5 9. 0-0 Nc6 10. Bc2 Re8 11. Qd3 g6 12. Rd1 Bf8 13. a3 Bg7 14. Bb3 Nxc3 15. bxc3 Na5 16. Ba2 Bd7 17. Be3 Ba4 18. Rd2 Rc8 19. c4 e5 20. Rc1 exd4 21. Nxd4 b6 22. Qb1 Qh4 23. Nb5 Bxb5 24. cxb5 Rxc1+ 25. Qxc1 Qe7 26. h3 Be5 27. a4 Rd8 28. g3 Rxd2 29. Qxd2 h5 30. h4 Kg7 31. Qd5 Bf6 32. Kg2 Nb7 33. Bf4 Nd8 34. Bd6 Qe2 35. Bc4 Qc2 36. Bb3 Qb2 37. Bb8 Bd4 38. Qf3 Bxf2 39. Qxf2 Qxb3 40. Qd4+ Kh7 41. Qxd8 Qc2+ 42. Kf1 Qc4+ 43. Kf2 Qa2+ 44. Ke3 Qb3+ 45. Qd3 Qxa4 46. Be5 Qb4 47. Bc3 Qg4 48. Qd6 Qc8 49. Qe5 Qf8 50. Qf6 Qc5+ 51. Bd4 Qc1+ 52. Kd3 Qb1+ 53. Kd2 Qa2+ 54. Kc1 Qa3+ 55. Kd2 Qa2+ 56. Ke3 Qa3+ 57. Kf2 Qf8 58. Kg2 Qg8 59. Be5 Qf8 60. Kh1 Qg8 61. Kh2 Qf8 62. g4 hxg4 63. h5 g3+ 64. Kxg3 Qa3+ 65. Bc3 Kh6 66. hxg6 1-0

[Event "Gibraltar Masters 11th"]
[Site "Caleta"]
[Date "2013.01.25"]
[Round "4"]
[White "Fenollar Jorda, Manuel"]
[Black "Ibarra Jerez, Jose Carlos"]
[Result "0-1"]
[WhiteElo "2325"]
[BlackElo "2538"]
[PlyCount "106"]
[EventDate "2013.01.22"]
[EventType "swiss"]
[EventRounds "10"]
[EventCountry "GGB"]
[SourceTitle "CBM 153"]
[Source "ChessBase"]
[SourceDate "2013.03.14"]
[SourceVersion "1"]
[SourceVersionDate "2013.03.14"]
[SourceQuality "1"]

1. d4 d6 2. Nf3 Bg4 3. c4 Nd7 4. d5 e5 5. e4 Nc5 6. Nc3 Nf6 7. Bd3 a5 8. Be3 Nfd7 9. Bc2 Be7 10. h3 Bxf3 11. Qxf3 Bg5 12. 0-0 Bxe3 13. Qxe3 0-0 14. b3 c6 15. a3 cxd5 16. cxd5 Qb6 17. Rab1 Rfc8 18. Rfc1 Kf8 19. Bd3 Nxd3 20. Qxd3 Qc5 21. Nb5 Qb6 22. Nc3 Nc5 23. Qe3 Qa6 24. b4 axb4 25. axb4 Nd7 26. Ne2 Qb6 27. Qg5 Rxc1+ 28. Rxc1 h6 29. Qd2 Nf6 30. Ng3 Qd8 31. Qc2 Ne8 32. Qd2 Qg5 33. Qc3 g6 34. Ra1 Rxa1+ 35. Qxa1 Qd2 36. b5 Qb4 37. Qf1 h5 38. h4 Qc5 39. Qd3 Nc7 40. Qd2 Qxb5 41. f4 Qb6+ 42. Kh2 exf4 43. Qxf4 Ne8 44. Nh1 Qd4 45. Nf2 Ke7 46. Kg3 Nf6 47. Qc1 b5 48. Kf3 Nd7 49. Ke2 Nc5 50. Qb1 b4 51. Kf3 Qc3+ 52. Kf4 b3 53. Nd1 Qc2 0-1

[Event "Provincial-ch Valencia"]
[Site "Valencia"]
[Date "2012.11.24"]
[Round "7"]
[White "Silva Rodriguez, Fernando"]
[Black "Fenollar Jorda, Manuel"]
[Result "1/2-1/2"]
[WhiteElo "2163"]
[BlackElo "2316"]
[PlyCount "75"]
[EventDate "2012.10.06"]
[EventType "swiss"]
[EventRounds "7"]
[EventCountry "ESP"]
[SourceTitle "EXT 2024"]
[Source "ChessBase"]
[SourceDate "2023.10.10"]
[SourceVersion "1"]
[SourceVersionDate "2023.10.10"]
[SourceQuality "1"]

1. d4 d5 2. c4 e6 3. Nc3 Nf6 4. cxd5 exd5 5. Bg5 Be7 6. e3 c6 7. Bd3 Nbd7 8. Nge2 0-0 9. Qc2 Re8 10. 0-0 Nf8 11. f3 Be6 12. Rad1 Ng6 13. Kh1 Rc8 14. a3 a6 15. Na4 Nd7 16. Bxe7 Qxe7 17. b4 b5 18. Nc5 Nxc5 19. dxc5 Bd7 20. e4 Ne5 21. Nc3 dxe4 22. Nxe4 Nxd3 23. Qxd3 Bf5 24. Rfe1 Rcd8 25. Qb3 Bxe4 26. Rxe4 Qf6 27. Rxd8 Rxd8 28. h4 g6 29. Qe3 Kg7 30. Kh2 h5 31. Rf4 Qe6 32. Qc3+ Kg8 33. Rf6 Qd5 34. Qe3 Kg7 35. Qc3 Kg8 36. Qe3 Kg7 37. Qc3 Kg8 38. Qe3 1/2-1/2